| 000 | 00529 a2200157 4500 | ||
|---|---|---|---|
| 005 | 20250613140328.0 | ||
| 020 | _a978-81-203-1251-7 | ||
| 082 | _aLECT 658.7 DAT | ||
| 100 | _aDATTA, A. K. | ||
| 245 | _aMaterials management: Procedures, Text and Cases. | ||
| 250 | _a2nd Ed. | ||
| 260 |
_aNew Delhi, _bPrentice-Hall, _c1998. |
||
| 300 |
_axiv, 404p.: ill.; figure, table. _bGlossary & index, _c24cm. |
||
| 856 |
_yAccess online book _fMaterials management: Procedures, Text and Cases. _dwww.phindia.com |
||
| 942 |
_2ddc _cBKS |
||
| 999 |
_c4002 _d4002 |
||